Financiamiento del crecimiento econm̤ico

Detalles Bibliográficos
Autor principal: Calva, Jos ̌Luis
Formato: eBook
Lenguaje:español
Publicado: Ciudad de Mx̌ico: Cm̀ara de Diputados, 2007
Materias:
Acceso en línea:Acceso restringido

MARC

LEADER 00000nam a22000007a 4500
005 20171211162021.0
007 cr|||| ||||
008 171211s2007 mx |||||s|||| 00||0 spa d
020 |a 970-32-3538-7 
035 |a 20831 
040 |a vLex 
090 |c 7280  |d 7280 
100 1 |a Calva, Jos ̌Luis 
245 1 0 |a Financiamiento del crecimiento econm̤ico  |h [Recurso electrn̤ico] /  |c Coordinador: Jos ̌Luis Calva 
256 |a Servicio en ln̕ea 
260 |a Ciudad de Mx̌ico:  |b Cm̀ara de Diputados,  |c 2007 
300 |a 1 recurso electrn̤ico 
506 1 |a Disponible solo en los productos indicados  |d vLex Global  |d vLex Global (Academic Edition, excluding Law Schools)  |d vLex Global (U.S. Academic Edition, Law Schools)  |d vLex Global (U.S. Academic Edition, excluding Law Schools)  |d vLex Global (Academic Edition, Law Schools) 
650 0 4 |a Derecho Mercantil y de la Empresa  |z Mx̌ico 
650 0 4 |a Derecho Financiero  |z Mx̌ico 
740 0 |a vLex Libros (Servicio en ln̕ea) 
856 4 0 |u http://vlex.com/source/financiamiento-crecimiento-economico-20831  |z Acceso restringido 
942 |c BOOK 
999 0 |a Commercial law 
999 0 |a Finance--Law and legislation